000
00296nam a22001217a 4500
008
180905b xxu||||| |||| 00| 0 eng d
041
_a
eng
080
_a
338
100
_a
54
101
_a
MAN
245
_a
The Economics Of Regional Water Quality Management
_c
Kneese.A.V
942
_2
udc
_c
BK
999
_c
47555
_d
47555